| 000 | 00390nam a2200145Ia 4500 | ||
|---|---|---|---|
| 008 | 230711s9999||||xx |||||||||||||| ||und|| | ||
| 041 | _aENG | ||
| 082 |
_a621 _bCO-P |
||
| 100 | _aCoughanowr,Donald R | ||
| 245 | 0 | _aProcess system analysis and control | |
| 250 | _a1st Ed. | ||
| 260 |
_c1991 _aNew Delhi _bTata McGraw Hill Education Limited |
||
| 650 | _aElectrical Engineering | ||
| 942 | _cBK | ||
| 999 |
_c3875 _d3875 |
||